El valle del miedo /
محفوظ في:
| المؤلف الرئيسي: | |
|---|---|
| مؤلفون آخرون: | |
| التنسيق: | الكتروني كتاب الكتروني |
| اللغة: | الإسبانية الإنجليزية |
| منشور في: |
Tres Cantos, Madrid, España :
Akal,
[2018]
|
| سلاسل: | Akal bolsillo. Serie negra ;
341. |
| الموضوعات: | |
| الوصول للمادة أونلاين: | Digitalia Hispánica |
| الوسوم: |
إضافة وسم
لا توجد وسوم, كن أول من يضع وسما على هذه التسجيلة!
|
MARC
| LEADER | 00000nam a2200000 i 4500 | ||
|---|---|---|---|
| 001 | DIGAKAL0490 | ||
| 003 | NyNyDIG | ||
| 007 | cr ||||||||||| | ||
| 008 | 220606s2018 sp o 000 f spa d | ||
| 006 | m o d | ||
| 035 | |a (OCoLC)1041912929 | ||
| 040 | |a DGITA |b eng |e rda |e pn |c DGITA | ||
| 020 | |a 9788446046226 |q eBook | ||
| 020 | |z 9788446045175 | ||
| 041 | 1 | |a spa |h eng | |
| 050 | 1 | 4 | |a PR4622 ebook |
| 082 | 1 | 4 | |a 823.8 |
| 100 | 1 | |a Doyle, Arthur Conan, |d 1859-1930, |e author. | |
| 240 | 1 | 0 | |a Valley of fear. |l Spanish |s (Appeceix) |
| 245 | 1 | 3 | |a El valle del miedo / |c Arthur Conan Doyle ; traducción de Silvana Appeceix. |
| 246 | 1 | 4 | |a Sherlock Holmes en el valle del miedo |
| 264 | 1 | |a Tres Cantos, Madrid, España : |b Akal, |c [2018] | |
| 300 | |a 1 online resource. | ||
| 336 | |a text |b txt |2 rdacontent | ||
| 337 | |a computer |b c |2 rdamedia | ||
| 338 | |a online resource |b cr |2 rdacarrier | ||
| 347 | |a text file |2 rdaft | ||
| 347 | |b EPUB | ||
| 490 | 1 | |a Akal básica de bolsillo ; |v 341. |a Serie Negra | |
| 588 | 0 | |a Online resource; title from ePub title page (Digitalia, viewed June 6, 2022) | |
| 655 | 7 | |a Fiction. |2 lcgft | |
| 655 | 0 | |a Electronic books. | |
| 700 | 1 | |a Appeceix, Silvana, |e translator. | |
| 700 | 1 | |i Translation of: |a Doyle, Arthur Conan, |d 1859-1930. |t Valley of fear. | |
| 791 | 2 | |a Digitalia (Firm), |e distributor. | |
| 793 | 0 | |g Digitalia eBook Collection: |a Akal | |
| 776 | 0 | 8 | |i Print version: |a Doyle, Arthur Conan, 1859-1930. |s Valley of fear. Spanish (Appeceix). |t Valle del miedo. |d Tres Cantos, Madrid, España : Akal, [2018] |z 9788446045175 |
| 830 | 0 | |a Akal bolsillo. |p Serie negra ; |v 341. | |
| 856 | 4 | 0 | |3 Digitalia Hispánica |u https://digitalia.unach.elogim.com/a/55152/ |
| 910 | |a Premium collection: 2022 | ||